Five Random Capital Cities by Continent - Statistics

General Stats
  • This quiz has been taken 1,476 times
    1,475 since last reset
  • The average score is 11 of 30
Answer Stats
Continent Capital % Correct
Europe London
76%
Europe Berlin
64%
Africa Cairo
62%
Asia Beijing
58%
Oceania Wellington
57%
Asia Tokyo
56%
South America Lima
54%
South America Santiago
51%
Europe Oslo
50%
South America Caracas
48%
South America Quito
46%
North America Havana
42%
South America La Paz
39%
Asia Seoul
37%
Europe Bern
34%
North America Mexico City
30%
Oceania Suva
30%
North America San Salvador
28%
Africa Nairobi
26%
Oceania Apia
25%
Asia Ankara
23%
Africa Kinshasa
23%
North America Managua
23%
Africa Addis Ababa
22%
Oceania Honiara
18%
Asia Singapore
16%
Europe Valletta
16%
Oceania Ngerulmud
15%
North America Saint John's
14%
Africa Yamoussoukro
4%
No matching quizzes found
Score Distribution
Percent of People with Each Score
Percentile by Number Answered
Your Score History
You have not taken this quiz since the last reset